000 00353nam a2200157 i 4500
001 bg
100 1 _aARCIMOVIC, L. A.
245 0 _aElementarnaja fizika plazmy /
_cL.A. Arcimovič.
250 _aIzd.3.
260 _aMoskva,
_c1969.
040 _cBPK
041 _apol
080 _a533.9
942 _cKS
008 s pl f |000 0 pol
999 _c8715
_d8715
856 _uhttp://koha.tu.koszalin.pl/cgi-bin/koha/opac-detail.pl?biblionumber=8715
_yKatalog online BPK